00542nam a2200205 a 4500001001300000003000900013005001700022008004100039020000900080082001600089100002400105245003500129260003600164500003500200505001200235650002500247650002400272650001600296700002400312nice12345678IN_TiNIC20260116013422.0050524s1990 deoa grp 000 0 eng  ac4000a340.59bQAS aQasmi, Abdul Jaleel aIslam Kamukammil Nizam-E-Talaq aDeobandbDarul Moallifeenc1990 aincludes index and biblioraphy2 aIndexes aIslamic Law-Taxation aDivorce-Islamic Law aIslamic-Law1 aQasmi, Abdul Jaleel